Selección mundial del humor gráfico / (Record no. 143044)

MARC details
000 -LEADER
campo de control de longitud fija 00612nam a2200193 i 4500
001 - NÚMERO DE CONTROL
campo de control 143044
003 - IDENTIFICADOR DE NÚMERO DE CONTROL
campo de control ES-MaACL
005 - FECHA Y HORA DE LA ÚLTIMA TRANSACCIÓN
campo de control 20250530063017.0
007 - CAMPO FIJO DE DESCRIPCIÓN FÍSICA--INFORMACIÓN GENERAL
campo de control de longitud fija t|
008 - DATOS DE LONGITUD FIJA--INFORMACIÓN GENERAL
campo de control de longitud fija 070214s1972 sp r ||||1| spa d
100 1# - ENTRADA PRINCIPAL--NOMBRE DE PERSONA
Nombre de persona Chumy-Chúmez,
Fechas asociadas al nombre 1927-2003
9 (RLIN) 38700
245 10 - MENCIÓN DEL TÍTULO
Título Selección mundial del humor gráfico /
Mención de responsabilidad, etc. [introducción Chumy Chúmez].
260 ## - PUBLICACIÓN, DISTRIBUCIÓN, ETC.
Lugar de publicación, distribución, etc. Madrid :
Nombre del editor, distribuidor, etc. Fundamentos,
Fecha de publicación, distribución, etc. 1972.
300 ## - DESCRIPCIÓN FÍSICA
Extensión 70 h :
Otras características físicas sólo il. ;
Dimensiones 14 cm.
650 #4 - PUNTO DE ACCESO ADICIONAL DE MATERIA--TÉRMINO DE MATERIA
Término de materia o nombre geográfico como elemento de entrada Dibujo humorístico-
Subdivisión cronológica S.XX.
9 (RLIN) 162999
700 1# - ENTRADA AGREGADA--NOMBRE PERSONAL
Nombre de persona Chumy-Chúmez,
Fechas asociadas al nombre 1927-2003
9 (RLIN) 38700
852 ## - LOCALIZACIÓN
Ubicación ES-MaACL
Número de control de estantería C-53633
Sublocalización o colección R.84531
Holdings
Estatus retirado Estado de pérdida Estado de daño No para préstamo Biblioteca de origen Biblioteca actual Ubicación en estantería Fecha de adquisición Fuente de adquisición Total de préstamos Signatura topográfica completa Código de barras Visto por última vez Precio de reemplazo Tipo de ítem Koha
        Biblioteca del Ateneo de Madrid Biblioteca del Ateneo de Madrid Depósito 2 17/01/2008     C-53633 1148829 23/02/2023 23/02/2023 Libro impreso